Oeuvres completes de j. racine (Registro nro. 42657)

Detalles MARC
001 - NÚMERO DE CONTROL
campo de control 82138
005 - FECHA Y HORA DE LA ÚLTIMA TRANSACCIÓN
campo de control 20260504074819.0
008 - DATOS DE LONGITUD FIJA--INFORMACIÓN GENERAL
campo de control de longitud fija 960313s1837 fre
035 ## - NÚMERO DE CONTROL DEL SISTEMA
Número de control de sistema 82138
035 ## - NÚMERO DE CONTROL DEL SISTEMA
Número de control de sistema (OCoLC)778220077
040 ## - FUENTE DE LA CATALOGACIÓN
Centro/agencia transcriptor comduadb
041 ## - CÓDIGO DE LENGUA
Código de lengua del texto/banda sonora o título independiente fre
082 #4 - NÚMERO DE LA CLASIFICACIÓN DECIMAL DEWEY
Número de clasificación 842
100 10 - ENTRADA PRINCIPAL--NOMBRE DE PERSONA
Nombre de persona Racine, Jean Baptiste,
Fechas asociadas al nombre 1639-1699
Código de función aut
Término indicativo de función/relación Autor/a
9 (RLIN) 245537
245 10 - MENCIÓN DE TÍTULO
Título Oeuvres completes de j. racine
260 ## - PUBLICACIÓN, DISTRIBUCIÓN, ETC.
Lugar de publicación, distribución, etc. Francia :
Nombre del editor, distribuidor, etc. Lefevre,
Fecha de publicación, distribución, etc. 1837.
300 ## - DESCRIPCIÓN FÍSICA
Extensión V.
490 0# - MENCIÓN DE SERIE
Mención de serie Bibliotheque d'auters classiques
700 10 - ENTRADA AGREGADA--NOMBRE PERSONAL
Nombre de persona Auger, Louis Simon
Código de función aut
Término indicativo de función/relación Autor/a
9 (RLIN) 496759
942 ## - ELEMENTOS DE ENTRADA AGREGADA (KOHA)
Tipo de ítem Koha Libros
Existencias
Estado de retiro Estado de pérdida Estado dañado No para préstamo Código de colección Localización permanente Ubicación/localización actual Fecha de adquisición Número de inventario Total de préstamos Signatura topográfica completa Código de barras Fecha visto por última vez Número de copia Precio válido a partir de Tipo de ítem Koha
        Colección Patrimonio Documental. Piso 4 Biblioteca Carlos Gaviria Díaz, Campus Medellín Biblioteca Carlos Gaviria Díaz, Campus Medellín 21/05/1998 C129587   842 R121o v1 61000002500748 21/04/2023 1 21/04/2023 Libros - Reserva
        Colección Patrimonio Documental. Piso 4 Biblioteca Carlos Gaviria Díaz, Campus Medellín Biblioteca Carlos Gaviria Díaz, Campus Medellín 21/04/2023 C252514   842 R121o v2 61000002500805 21/04/2023 2 21/04/2023 Libros - Reserva
        Colección Patrimonio Documental. Piso 4 Biblioteca Carlos Gaviria Díaz, Campus Medellín Biblioteca Carlos Gaviria Díaz, Campus Medellín 12/06/2000 C636576   842 121 o v6 6-10000003397311 21/04/2023 3 21/04/2023 Libros - Reserva